书目信息 |
| 题名: |
公共建筑绿色设计标准
|
|
| 作者: | 车学娅 起草 ;同济大学建筑设计研究院 (集团) 公司 , 华建集团华东建筑设计研究总院 主编 | |
| 分册: | ||
| 出版信息: | 上海 同济大学出版社 2021.03 |
|
| 页数: | 122页 | |
| 开本: | 21cm | |
| 丛书名: | 上海市工程建设规范 | |
| 单 册: | ||
| 中图分类: | TU242-34 | |
| 科图分类: | ||
| 主题词: | 公共建筑--gong gong jian zhu--生态建筑--建筑设计--评价标准--上海 | |
| 电子资源: | ||
| ISBN: | 978-7-5608-9810-0 | |
| 000 | 01516nam 2200325 450 | |
| 001 | CAL 004097029 | |
| 005 | 20210426150918.7 | |
| 010 | @a978-7-5608-9810-0@dCNY40.00 | |
| 094 | @aCN@bDGJ 08-2143-2021 J 12671-2020 | |
| 100 | @a20210423d2021 em y0chiy0120 ea | |
| 101 | 0 | @achi@eeng |
| 102 | @aCN@b310000 | |
| 105 | @ak l 000yy | |
| 106 | @ar | |
| 200 | 1 | @a公共建筑绿色设计标准@Agong gong jian zhu lv se she ji biao zhun@d= Green besign standard for public building@f主编单位同济大学建筑设计研究院 (集团) 有限公司, 华建集团华东建筑设计研究总院@zeng |
| 210 | @a上海@c同济大学出版社@d2021.03 | |
| 215 | @a122页@d21cm | |
| 225 | 2 | @a上海市工程建设规范@Ashang hai shi gong cheng jian she gui fan |
| 300 | @a上海市住房和城乡建设管理委员会发布 2021-01-28发布 2021-06-01实施 | |
| 314 | @a起草人: 车学娅 ... [等] | |
| 330 | @a为贯彻执行节约资源和保护环境的国家技术经济政策, 推进本市建筑行业的可持续发展, 规范公共建筑的绿色设计, 制定本标准。 | |
| 410 | 0 | @12001 @a上海市工程建设规范 |
| 510 | 1 | @aGreen besign standard for public building@zeng |
| 606 | 0 | @a公共建筑@Agong gong jian zhu@x生态建筑@x建筑设计@x评价标准@y上海 |
| 690 | @aTU242-34@v5 | |
| 701 | 0 | @a车学娅@Ache xue ya@4起草 |
| 712 | 02 | @a同济大学建筑设计研究院 (集团) 公司@Atong ji da xue jian zhu she ji yan jiu yuan ( ji tuan ) gong si@4主编 |
| 712 | 02 | @a华建集团华东建筑设计研究总院@Ahua jian ji tuan hua dong jian zhu she ji yan jiu zong yuan@4主编 |
| 801 | 0 | @aCN@b人天书店@c20210423 |
| 905 | @aTSG@b0000143@dTU242-34@eC333@f2 | |
| 公共建筑绿色设计标准= Green besign standard for public building/主编单位同济大学建筑设计研究院 (集团) 有限公司, 华建集团华东建筑设计研究总院.-上海:同济大学出版社,2021.03 |
| 122页;21cm.-(上海市工程建设规范) |
| 上海市住房和城乡建设管理委员会发布 2021-01-28发布 2021-06-01实施 |
| ISBN 978-7-5608-9810-0:CNY40.00 |
| 为贯彻执行节约资源和保护环境的国家技术经济政策, 推进本市建筑行业的可持续发展, 规范公共建筑的绿色设计, 制定本标准。 |
| ● |
| 相关链接 |
|
|
|
正题名:公共建筑绿色设计标准
索取号:TU242-34/C333
 
预约/预借
| 序号 | 登录号 | 条形码 | 馆藏地/架位号 | 状态 | 备注 |
| 1 | 1531358 | 215313587 | 建筑库101/101建筑库 66排7列5层/ [索取号:TU242-34/C333] | 在馆 | |
| 2 | 1531359 | 215313596 | 建筑库101/101建筑库 66排7列5层/ [索取号:TU242-34/C333] | 在馆 |